000 02834cam a2200313 a 4500
003 EG-GiCUC
005 20250223032601.0
008 200921s2020 ua f m 000 0 ara d
040 _aEG-GiCUC
_bara
_cEG-GiCUC
041 0 _aara
049 _aايداع
097 _aماجستير
099 _aCai01.04.08.M.Sc.2020.عب.س
100 0 _aعبدالحكم اسماعيـل العمار
245 1 2 _aالسرية المصرفية :
_bدراسة مقارنة بين القانونين السورى و المصرى /
_cعبدالحكم اسماعيـل العمار ؛ إشراف محمد بهجت عبدالله قايد
260 _aالقاهرة :
_bعبدالحكم اسماعيـل العمار :
_c2020
300 _a190ص ؛
_c25سم
502 _aاطروحة (ماجستير) - جامعة القاهرة - كلية الحقوق - قسم القانون التجارى و البحرى
520 _aتعد السرية المصرفية سمة من سمات العمل المصرفى: بل هى السّمة الأساسية للمصرف بوصفه مؤتمناً عليها: فالتزام المصرف بحفظ بيانات العميل و عملياته المصرفية يجعله مقصدا لأموال الأشخاص الذين يحرصون على إخفاء مركزهم المالى لحقهم فى حياتهم الخاصة التى حماها لهم القانون و الدستور: و لحقهم فى الحفاظ على مصالحهم التجارية و الصناعية خشية منافسة أقرانهم من الصناعيين و التجار سواء أكان ذلك بطريقة مشروعة أم غير مشروعة. و يقوم النظام القانونى للسّر المصرفى على أساس التزام المصرف بكتمان الوقائع التى تعهد إليه بمناسبة مباشرة نشاطه، و هو التزام سلبى يمكّن المصرف: بل يوجب عليه الاحتجاج بالسّر فى مواجهة المحاولات التى تستهدف كشفه حتى لا يخل بالتزامه بالمحافظة على السّر: مما يعرضه حال الإخلال لجزاءات جنائية و مدنية و تأديبية. و لا يعد نطاق التقيد بالسّــر المصرفى مطلقاً: بل ورد عليه بعض الاستثناءات المحددة و ذلك تلبية لحاجات المصلحة العامة: و حفاظاً على حق الغير
530 _aصدر ايضا كقرص مدمج
653 4 _aالسرية
653 4 _aالقانون السورى
653 4 _aالقانون المصرى
700 0 _aمحمد بهجت عبدالله قايد :
_eمشرف
856 _uhttp://172.23.153.220/th.pdf
905 _aNazla
_eRevisor
905 _aSamia
_eCataloger
942 _2ddc
_cTH
999 _c77848
_d77848